| 000 | 01306cad a22002895a 4500 | ||
|---|---|---|---|
| 001 | L137514 | ||
| 008 | 070412s2007 xxkde f 000 0 eng d | ||
| 035 | _a(Sirsi) u137514 | ||
| 041 | 0 | _aeng | |
| 050 | 0 | 4 | _a306.11 $2 18 |
| 100 | 1 | _aZitron, Jeff | |
| 110 | 2 |
_aHousemark Ltd _95161 |
|
| 245 | 0 | 0 |
_aALMOs tomorrow _ba guide to ALMO business planning beyond decent homes _h[electronic resource] |
| 260 |
_aCoventry _bHousemark Ltd _aLondon _bTribal Consulting _aCoventry _bChartered Institute of Housing _aScarborough _bNational Federation of ALMOs _c2007 |
||
| 520 | _aProvides strategic and practical advice for ALMOs and their partners. Sets out five options for ALMOs and shows how they can adapt to a wider role and even start to build new homes. | ||
| 590 | _aKA | ||
| 650 | 2 | 4 | _aARM'S LENGTH MANAGEMENT ORGANISATIONS |
| 650 | 2 | 4 | _aHOUSING |
| 651 | 4 |
_aEngland and Wales _y1543- |
|
| 690 | _aPROPERTY-RESIDENTIAL PROPERTY-DOMESTIC RESIDENTIAL PROPERTY-HOUSING | ||
| 700 | 1 | _aHall, David | |
| 710 | 1 |
_aChartered Institute of Housing _92394 |
|
| 710 | 1 | _aNational Federation of ALMOs | |
| 710 | 1 |
_aTribal Consulting _94968 |
|
| 856 | 4 | 0 |
_uhttps://www.housemark.co.uk/hmresour.nsf/lookup/ALMOsTomorrow.pdf/$File/ALMOsTomorrow.pdf _zView the item free of charge at www.housemark.co.uk |
| 942 | _n0 | ||
| 999 |
_c106805 _d106805 |
||